| 000 | 01709nam0a2200337 i 4500 | ||
|---|---|---|---|
| 001 | RU\NLR\BIBL_A\011320563 | ||
| 005 | 20260408154420.0 | ||
| 010 |
_a9785990623064 _9220 |
||
| 021 |
_aRU _b2016-101010 _96722 |
||
| 035 | _a(NLR Aleph) 011320563 | ||
| 090 |
_a11075532 _c11075532 |
||
| 100 | _a20170203d2016 km y0rusy50 ca | ||
| 101 | 0 |
_arus _aeng |
|
| 102 | _aRU | ||
| 105 | _aa|||z|||100zy | ||
| 200 | 1 |
_aБиологическое разнообразие. Интродукция растений _eматериалы шестой международной научной конференции, 20-25 июня 2016 г., Санкт-Петербург |
|
| 210 |
_aСанкт-Петербург _cБИН _d2016 |
||
| 215 |
_a430 с. _cил. _d25 |
||
| 300 | _aВ надзаг.: Рос. акад. наук, Ботан. ин-т им. В.Л. Комарова РАН | ||
| 300 | _aТекст на рус. и англ. яз. | ||
| 320 | _aБиблиогр. в конце ст. | ||
| 606 |
_aРастения _jСъезды, совещания и т.п _xБиоразнообразие _92262524 _3RU\NLR\AUTH\6601586213 |
||
| 606 |
_aРастения _xИнтродукция _jСъезды, совещания и т.п _3RU\NLR\AUTH\66110604 _91094305 |
||
| 686 | 1 | _aЕ581.81я431(0) | |
| 686 | 1 | _aЕ581.7я431(0) | |
| 711 | 1 | 2 |
_a"Биологическое разнообразие. Интродукция растений", международная научная конференция _d6 _eСанкт-Петербург _f2016 _9547896 _3RU\NLR\AUTH\880441966 |
| 942 | _cBOOK | ||
| 980 | _aNBR | ||